Griechenland oder die Türkei - Statistiken

Allgemein
  • Dieses Quiz wurde 633 mal gespielt
  • Das Durchschnittsergebnis liegt bei 12 aus 15
Antwortstatistiken
Frage Antwort % Korrekt
Hat mehr Bevölkerung? die Türkei
98%
Ist das Land größer? die Türkei
97%
Ist Muslim? die Türkei
97%
Grenzt das Schwarze Meer? die Türkei
96%
Ist in der EU? Griechenland
95%
Hat es mehr Inseln? Griechenland
94%
Hat eine stärkere Armee? die Türkei
93%
War Gastgeber der Olympischen Spiele? Griechenland
89%
Hat ein leistungsfähigerer Pass? Griechenland
87%
Hat er an einem laufenden Krieg teilgenommen? die Türkei
85%
Hat mehr BIP? die Türkei
69%
Hat es mehr Touristen? die Türkei
67%
Im Zweiten Weltkrieg gekämpft? Griechenland
62%
Hat das BIP pro Kopf mehr? Griechenland
57%
Hatte ein größeres Reich? Griechenland (Mazedonisches Reich)
11%
Keine übereinstimmenden Quizze gefunden
Verteilung der Resultate
Anzahl Personen mit jedem Resultat
Perzentil nach korrekt beantworteten Fragen
Ihre Resultats-Entwicklung
Sie haben dieses Quiz noch nicht gespielt